000 00665nam a2200241Ia 4500
008 160517s9999 xx 000 0 und d
020 _a978-981-37-0327-9
050 _aComSc QA 76.64
050 _b.T73 2008 c.2
100 _aTrajano, Emily F.
245 _aVisual Basic :
245 _ban introduction to object oriented programming /
245 _cEmily F. Trajano.
260 _aManila :
260 _bJemma inc.,
260 _c2008
300 _a354 pages :
300 _bill. ;
300 _c23 cm.
500 _aIncludes bibliographical references.
650 _aVisual basic.
650 _xObject-oriented programming (Computer science).
999 _c294212
_d294212